000 00410nam a2200181Ia 4500
005 20240823032107.0
008 240823s9999||||xx |||||||||||||| ||und||
041 _aENGLISH
082 _A158.3 P9
100 _aVaidyanathan R
245 0 _aThattungal Tirakkum
250 _a1st
260 _c2009
_b"Narmata,Chennai"
500 _aYES
650 _aTamil Book
_bGeneral
942 _cBK
999 _c192627
_d192627